| 000 | 00971nam a2200205Ka 4500 | ||
|---|---|---|---|
| 082 | 4 |
_a620.136 _bJOI _cL-36, P-11 |
|
| 110 | 2 |
_aJoint Committee on Standard Specifications for Concrete and Reinforced Concrete. _941089 |
|
| 245 | 1 | 0 |
_aReport of the Joint Committee on Standard Specifications for Concrete and Reinforced Concrete _csubmitting recommended practice and standard specifications for concrete and reinforced concrete. |
| 260 |
_aPhiladelphia, Pa. : _bAmerican Society for Testing Materials, _cc1940. |
||
| 300 |
_axv, 140 p. ; _c23 cm. |
||
| 500 | _a"Submitted to constituent organizations, June 1940." | ||
| 526 |
_a0 _b0 _c0 _d620_136000000000000_AME |
||
| 526 |
_a0 _b0 _c0 _d620_136000000000000_JOI |
||
| 650 | 0 | _aConcrete construction. | |
| 650 | 0 |
_aMCE _9379 |
|
| 650 | 0 |
_aReinforced concrete. _940928 |
|
| 710 | 2 |
_aAmerican Society for Testing Materials. _925223 |
|
| 856 | 4 | 0 | _uhttp://catalog.hathitrust.org/api/volumes/oclc/8674485.html |
| 942 |
_2ddc _cBK |
||
| 999 |
_c545287 _d545287 |
||